| 000 | 00625nam a2200181Ia 4500 | ||
|---|---|---|---|
| 008 | 090123s9999 xx 000 0 und d | ||
| 082 | _b32202 | ||
| 100 | _aदेशमुख श्रीकृष्ण | ||
| 245 | _aमुण्डकोपनिषद | ||
| 250 | _a1 | ||
| 260 |
_bमहाराष्ट्र ग्रंथ भांडार _c2000 |
||
| 300 | _a108 | ||
| 600 | _aदेशमुख श्रीकृष्ण | ||
| 630 | _aमुण्डकोपनिषद | ||
| 700 | _aदेशमुख श्रीकृष्ण | ||
| 730 | _aमुण्डकोपनिषद | ||
| 942 | _cBOOK | ||
| 999 |
_c70262 _d70262 |
||